Climate change levy (Record no. 62970)

MARC details
000 -LEADER
fixed length control field 00921cam a2200229 4500
001 - CONTROL NUMBER
control field WB3612-13
008 - FIXED-LENGTH DATA ELEMENTS--GENERAL INFORMATION
fixed length control field 000000n2000 000 0 eng u
035 ## - SYSTEM CONTROL NUMBER
System control number (Sirsi) u104978
245 ## - TITLE STATEMENT
Title Climate change levy
260 ## - PUBLICATION, DISTRIBUTION, ETC.
Date of publication, distribution, etc. 2000
490 ## - SERIES STATEMENT
Series statement Inland Revenue Press Release
Volume/sequential designation (REV/CE 4) 21 March 2000;
490 ## - SERIES STATEMENT
Series statement HM Customs and Excise News Release
Volume/sequential designation (4) 21 March 2000 (3)
520 ## - SUMMARY, ETC.
Summary, etc. More changes to the climate change levy, which comes into effect in April 2001, are announced. Outlines the new measures designed to increase the levy's environmental effectiveness, and at the same time, protect the competitiveness of UK firms. The press release can be found at: http://www.hm-treasury.gov.uk
590 ## - LOCAL NOTE (RLIN)
Local note WB
650 ## - SUBJECT ADDED ENTRY--TOPICAL TERM
Topical term or geographic name entry element CLIMATE CHANGE LEVY
650 ## - SUBJECT ADDED ENTRY--TOPICAL TERM
Topical term or geographic name entry element CARBON DIOXIDE EMISSIONS
650 ## - SUBJECT ADDED ENTRY--TOPICAL TERM
Topical term or geographic name entry element ENERGY EFFICIENCY
650 ## - SUBJECT ADDED ENTRY--TOPICAL TERM
Topical term or geographic name entry element BUSINESSES
650 ## - SUBJECT ADDED ENTRY--TOPICAL TERM
Topical term or geographic name entry element TAX
690 ## - LOCAL SUBJECT ADDED ENTRY--TOPICAL TERM (OCLC, RLIN)
Topical term or geographic name as entry element Environment
9 (RLIN) 6238
942 ## - ADDED ENTRY ELEMENTS (KOHA)
Suppress in OPAC 0
Holdings
Withdrawn status Lost status Source of classification or shelving scheme Damaged status Not for loan Home library Current library Shelving location Date acquired Total Checkouts Full call number Barcode Date last seen Copy number Price effective from Koha item type
    Dewey Decimal Classification     London London News article 22/03/2000   WB3612-13 104978-1001 06/08/2019 1 06/08/2019 News article